| 000 | 05287cam a22019454i 4500 | ||
|---|---|---|---|
| 001 | u154521 | ||
| 003 | PE-LiUPU | ||
| 005 | 20250813165329.0 | ||
| 008 | 150921s2010 sp rb 000 0 spa d | ||
| 020 | _a9788497880763 | ||
| 035 | _a(Sirsi) i9788497880763 | ||
| 040 |
_aPE-LiUPU _bspa _cPE-LiUPU _erda |
||
| 049 | _aPRUA | ||
| 082 | 0 | 4 |
_a658.8 _bV41 2010 |
| 082 | 0 | 4 |
_a658.827 _bV41 |
| 100 | 1 |
_aVelilla, Javier, _eautor. |
|
| 245 | 1 | 0 |
_aBranding : _btendencias y retos en la comunicación de marca / _cJavier Velilla. |
| 250 | _aPrimera edición. | ||
| 264 | 1 |
_aBarcelona : _bEditorial UOC, _c2010. |
|
| 300 |
_a136 páginas ; _c18 centímetros. |
||
| 336 |
_atext _2rdacontent |
||
| 337 |
_aunmediated _2rdamedia |
||
| 338 |
_avolume _2rdacarrier |
||
| 490 | 0 |
_aTic.cero ; _v38 |
|
| 504 | _aBibliografía : páginas 133-136. | ||
| 505 | 0 | _a¿Qué es una marca? -- La marca como activo de negocio intangible -- Nuevos retos para las marcas -- Brand management. | |
| 526 | _aP203 | ||
| 526 | _aP200 | ||
| 526 | _aSEG65 | ||
| 526 | _aSEG64 | ||
| 526 | _aSEG63 | ||
| 526 | _aSEG62 | ||
| 526 | _aSEG61 | ||
| 526 | _aSEG60 | ||
| 526 | _aSEG59 | ||
| 526 | _aSEG58 | ||
| 526 | _aSEG57 | ||
| 526 | _aSEG56 | ||
| 526 | _aSEG55 | ||
| 526 | _aSEG54 | ||
| 526 | _aSEG53 | ||
| 526 | _aSEG52 | ||
| 526 | _aSEG51 | ||
| 526 | _aSEG50 | ||
| 526 | _aSEG49 | ||
| 526 | _aSEG48 | ||
| 526 | _aSEG47 | ||
| 526 | _aSEG46 | ||
| 526 | _aSEG24 | ||
| 526 | _aSEG23 | ||
| 526 | _aSEG22 | ||
| 526 | _aSEG21 | ||
| 526 | _aSEG20 | ||
| 526 | _aSEG19 | ||
| 526 | _aSEG18 | ||
| 526 | _aSEG17 | ||
| 526 | _aSEG16 | ||
| 526 | _aSEG14 | ||
| 526 | _aSEG13 | ||
| 526 | _aSEG12 | ||
| 526 | _aSEG11 | ||
| 526 | _aSEG10 | ||
| 526 | _aSEG09 | ||
| 526 | _aSEG06 | ||
| 526 | _aSEG05 | ||
| 526 | _aSEG04 | ||
| 526 | _aSEG03 | ||
| 526 | _aSEG02 | ||
| 526 | _aSEG68 | ||
| 526 | _aSEG66 | ||
| 526 | _aSEG45 | ||
| 526 | _aSEG25 | ||
| 526 | _aSEG01 | ||
| 526 | _aP163 | ||
| 526 | _aP162 | ||
| 526 | _aP161 | ||
| 526 | _aP160 | ||
| 526 | _aP159 | ||
| 526 | _aP158 | ||
| 526 | _aP157 | ||
| 526 | _aP156 | ||
| 526 | _aP155 | ||
| 526 | _aP154 | ||
| 526 | _aP153 | ||
| 526 | _aP152 | ||
| 526 | _aP151 | ||
| 526 | _aP150 | ||
| 526 | _aP149 | ||
| 526 | _aP142 | ||
| 526 | _aP141 | ||
| 526 | _aP140 | ||
| 526 | _aP139 | ||
| 526 | _aP138 | ||
| 526 | _aP137 | ||
| 526 | _aP132 | ||
| 526 | _aP131 | ||
| 526 | _aP130 | ||
| 526 | _aP126 | ||
| 526 | _aP125 | ||
| 526 | _aP124 | ||
| 526 | _aP123 | ||
| 526 | _aP115 | ||
| 526 | _aP122 | ||
| 526 | _aP121 | ||
| 526 | _aP116 | ||
| 526 | _a P114 | ||
| 526 | _aP112 | ||
| 526 | _aP111 | ||
| 526 | _aP104 | ||
| 526 | _aP103 | ||
| 526 | _aP102 | ||
| 526 | _aP101 | ||
| 526 | _aP100 | ||
| 526 | _aP96 | ||
| 526 | _aP95 | ||
| 526 | _aP93 | ||
| 526 | _aP92 | ||
| 526 | _aP91 | ||
| 526 | _aP88 | ||
| 526 | _aP83 | ||
| 526 | _aP82 | ||
| 526 | _aP79 | ||
| 526 | _aP78 | ||
| 526 | _aP75 | ||
| 526 | _aP74 | ||
| 526 | _aP71 | ||
| 526 | _aP69 | ||
| 526 | _a P51 | ||
| 526 | _aP49 | ||
| 526 | _aP48 | ||
| 526 | _aP47 | ||
| 526 | _aP33 | ||
| 526 | _aP31 | ||
| 526 | _a P30 | ||
| 526 | _aP29 | ||
| 526 | _aP27 | ||
| 526 | _aP26 | ||
| 526 | _aP25 | ||
| 526 | _aP24 | ||
| 526 | _a P22 | ||
| 526 | _aP10 | ||
| 526 | _aP09 | ||
| 526 | _a P08 | ||
| 526 | _aP06 | ||
| 526 | _aP05 | ||
| 526 | _aP04 | ||
| 526 | _aP01 | ||
| 541 | _g043-0014558; | ||
| 541 | _g001-003305; | ||
| 596 | _a1 2 3 | ||
| 650 | 4 | _aIdentificación de marca. | |
| 650 | 4 | _aMarcas. | |
| 910 |
_acce _bjvq _ccce _d20150921 |
||
| 942 |
_2ddc _cBOOK |
||
| 994 |
_aC0 _bPEPRU |
||
| 949 |
_a658.8 V41 2010 _wDEWEY _c1 _iFJ01075 _d2018-4-25 _e2018-4-23 _f2017-12-28 _g1 _lCCODEBUJ1 _mBUJ _n3 _p12.00 _r0 _sY _tBOOK _u2016-7-19 _xFCE _PP04 _0COMPRA _o.STAFF. Colección General Juliaca |
||
| 949 |
_a658.827 V41 _wDEWEY _c1 _i74875 _f2018-2-12 _g2 _lCCODEBUL1 _mBUL _p24.27 _r0 _sY _tBOOK _u2016-11-3 _xEDUCACION _PP07 _0COMPRA _o.STAFF. colección FACIHED |
||
| 949 |
_a658.827 V41 _wDEWEY _c1 _iFT02804 _lCCODEBUT1 _mBUT _r0 _sY _tBOOK _u2015-9-21 _xFCE _PP29 _0COMPRA _o.STAFF. Colección General |
||
| 949 |
_a658.827 V41 _wDEWEY _c2 _iFT02805 _d2017-9-11 _e2017-9-10 _lCCODEBUT1 _mBUT _n1 _r0 _sY _tBOOK _u2015-9-21 _xFCE _PP29 _0COMPRA _o.STAFF. Colección General |
||
| 999 |
_a658.827 V41 _wDEWEY _c7222 _iFT02804 _d7222 _e2018-8-14 _lCCODEBUT1 _mBUT _n1 _r0 _sY _tBOOK _u2015-9-21 _xFCE _PP29 _0COMPRA _o.STAFF. Colección General |
||
| 999 |
_a658.827 V41 _wDEWEY _c2 _iFT02805 _d2017-9-11 _e2017-9-10 _lCCODEBUT1 _mBUT _n1 _r0 _sY _tBOOK _u2015-9-21 _xFCE _PP29 _0COMPRA _o.STAFF. Colección General |
||
| 999 |
_a658.8 V41 2010 _wDEWEY _c1 _iFJ01075 _d2019-9-27 _e2019-9-25 _f2022-2-1 _g4 _lCCODEBUJ1 _mBUJ _n4 _p12.00 _r0 _sY _tBOOK _u2016-7-19 _xFCE _PP04 _0COMPRA _o.STAFF. Colección General Juliaca |
||
| 999 |
_a658.827 V41 _wDEWEY _c1 _i74875 _f2021-11-8 _g5 _lCCODEBUL1 _mBUL _p24.27 _r0 _sY _tBOOK _u2016-11-3 _xEDUCACION _PP07 _0COMPRA _o.STAFF. colección FACIHED |
||
| 980 |
_81 _gALBERTO SANCHEZ Responsable de Automatización |
||